书目信息 |
| 题名: |
基础实验化学
|
|
| 作者: | 胡笳 主编 | |
| 分册: | ||
| 出版信息: | 北京 北京理工大学出版社 2012 |
|
| 页数: | 156页 | |
| 开本: | 26cm | |
| 丛书名: | ||
| 单 册: | ||
| 中图分类: | O6-3 | |
| 科图分类: | ||
| 主题词: | 化学实验--hua xue shi yan--高等教育--教材 | |
| 电子资源: | ||
| ISBN: | 978-7-5640-6469-3 | |
| 000 | 00929nam0 2200277 45 | |
| 001 | 012001002361 | |
| 005 | 20191121143101.46 | |
| 010 | @a978-7-5640-6469-3@dCNY30.00 | |
| 099 | @aCAL 012012252361 | |
| 100 | @a20120924d2012 em y0chiy50 ea | |
| 101 | 0 | @achi |
| 102 | @aCN@b110000 | |
| 105 | @aak a 000yy | |
| 106 | @ar | |
| 200 | 1 | @a基础实验化学@Aji chu shi yan hua xue@f主编胡笳 |
| 205 | @a第2版 | |
| 210 | @a北京@c北京理工大学出版社@d2012 | |
| 215 | @a156页@c图@d26cm | |
| 320 | @a有书目 (第156页) | |
| 330 | @a本书共分为化学实验基础、化学实验和附录三大部分。书中内容涉及化学实验基础知识、基础实验理论、基础操作实验、无机化合物性质与制备实验、定量分析实验、有机化学实验等。 | |
| 333 | @a普通高等教育“十二五”规划教材 | |
| 606 | 0 | @a化学实验@Ahua xue shi yan@x高等教育@j教材 |
| 690 | @aO6-3@v5 | |
| 701 | 0 | @a胡笳@Ahu jia@4主编 |
| 801 | 0 | @aCN@b北京卓展@c20191020 |
| 905 | @b1205409-12@dO6-3@e1001=2@f4 | |
| 基础实验化学/主编胡笳.-第2版.-北京:北京理工大学出版社,2012 |
| 156页:图;26cm |
| 使用对象:普通高等教育“十二五”规划教材 |
| ISBN 978-7-5640-6469-3:CNY30.00 |
| 本书共分为化学实验基础、化学实验和附录三大部分。书中内容涉及化学实验基础知识、基础实验理论、基础操作实验、无机化合物性质与制备实验、定量分析实验、有机化学实验等。 |
| ● |
| 相关链接 |
|
|
|
|
正题名:基础实验化学
索取号:O6-3/1001=2
 
预约/预借
| 序号 | 登录号 | 条形码 | 馆藏地/架位号 | 状态 | 备注 |
| 1 | 1205409 | 212054097 | 第二样本阅览室/ [索取号:O6-3/1001=2] | 在馆 | |
| 2 | 1205410 | 212054104 | 第三借阅区/ [索取号:O6-3/1001=2] | 在馆 | |
| 3 | 1205411 | 212054113 | 第三借阅区/ [索取号:O6-3/1001=2] | 在馆 | |
| 4 | 1205412 | 212054122 | 第三借阅区/ [索取号:O6-3/1001=2] | 在馆 |